| 000 | 00387nam a2200145Ia 4500 | ||
|---|---|---|---|
| 008 | 210210b1983 xxu||||| |||| 00| 0 eng d | ||
| 082 | _a530.02 RABS | ||
| 100 | _aRABIZA (F). | ||
| 245 | _aSpace adventures in your home. tr by Alexander Repyev. | ||
| 260 |
_aMoscow _bMir Publishers _c1983 |
||
| 300 | _a191 | ||
| 650 | _aSpace adventures home | ||
| 690 | _aPhysics | ||
| 906 | _aSG01960 | ||
| 999 |
_c113223 _d113223 |
||